000 00876cam a22002897a 4500
003 CHAP
005 20220329140546.0
008 971013s1972 r 00010 d
010 _a53917
011 _a54889
035 _a59041
040 _cCHAP
082 _a658.4033
_bW5
100 0 0 _aWilcox, Jarrod W.
_9121900
245 1 2 _aA method for measuring decision assumptions
260 _aCambridge, Mass. :
_bMit,
_c1972
300 _a252 p.
590 _aBATCH-UPD
_b10
_c20130110
_lUCH01
_h0430
590 _aBATCH-UPD
_b10
_c20130410
_lUCH01
_h0105
590 _aBATCH-UPD
_b10
_c20130914
_lUCH01
_h1807
590 _aCONVERSION
_b10
_c20130109
_lUCH01
_h1329
650 1 4 _aMedición, teoría de la.
_973924
650 1 4 _aToma de decisiones.
_9113662
901 _aBK
942 _cLIBRO
949 _a658.4033 W5
_bBC
_cLIBRO
_d33724000098547
_eLIBRO
_h55961
_i59041
_si
_t594.00
999 _c53917
_d53917